Geography Quiz

Random Geography or Asia Quiz

Jordan's borders Quiz Stats

 Plays Quiz not verified by Sporcle

Also try: Laos's borders
Challenge
Share
Tweet
Embed
Score 0/5 Timer 00:30
0 Plays Today
Country % Correct
Israel
97.3%
Syria
94.3%
Iraq
90.1%
Saudi Arabia
88.2%
Palestine
83.5%

You're not logged in!

Compare scores with friends on all Sporcle quizzes.
OR
Log In

You Might Also Like...

Show Comments

Extras

Top Quizzes Today


Score Distribution

Your Account Isn't Verified!

In order to create a playlist on Sporcle, you need to verify the email address you used during registration. Go to your Sporcle Settings to finish the process.

Report this User

Report this user for behavior that violates our Community Guidelines.

Details: